• 首页
  • 本馆介绍
  • 公告通知
  • 最新文献
  • 馆藏检索
  • 电子资源
  • 读者导购
  • 参考咨询
  • 我的图书馆
  • 登录
  • 详细信息显示
  • 放入我的书架
  • 预约/预借图书
  • 作者相关作品
  • 分类相关作品
  • 丛书相关作品
  • 出版社相关作品

书目信息

  • 表格格式
  • 工作单格式
  • 卡片格式
题名:
中国区域金融稳定报告
    
 
作者: ;中国人民银行 编
分册: 2012  
出版信息: 北京   中国金融出版社  2012
页数: 172页
开本: 29cm
丛书名:
单 册:
中图分类: F832.7
科图分类:
主题词: 区域金融--研究报告--中国--2012 , 区域金融
电子资源:
ISBN: 978-7-5049-6457-1
000 01048nam0 22002531 450
001 524
005 20140909165235.25
010    @a978-7-5049-6457-1@dCNY88.00
100    @a20121102d2012 em y0chiy50 ea
101 0  @achi@aeng
102    @aCN@b110000
105    @ay z 000yy
106    @ar
200 1  @a中国区域金融稳定报告@AZhong Guo Qu Yu Jin Rong Wen Ding Bao Gao@h2012@dChina regional financial stability report@h2012@f中国人民银行上海总部金融稳定分析小组[编]@zeng
210    @a北京@c中国金融出版社@d2012
215    @a172页@d29cm
330    @a本书分为概述、区域经济运行状况、分行业的区域金融稳定状况、分地区的区域金融稳定状况、总体评估与政策建议五部分。内容包括:区域金融总体保持稳定、区域金融稳定需要关注的方面等。
510 1  @aChina regional financial stability report@h2012@zeng
606 0  @a区域金融@x研究报告@y中国@z2012
606 0  @a区域金融
690    @aF832.7@v5
711 02 @a中国人民银行@AZhong Guo Ren Min Yin Hang@b上海总部@b金融稳定分析小组@4编
801  0 @aCN@bTANGWEI@c20140603
905    @b0836445-47@dF832.7@e123@f3
    
    中国区域金融稳定报告.2012=China regional financial stability report.2012/中国人民银行上海总部金融稳定分析小组[编].-北京:中国金融出版社,2012
    172页;29cm
    
    
    ISBN 978-7-5049-6457-1:CNY88.00
    本书分为概述、区域经济运行状况、分行业的区域金融稳定状况、分地区的区域金融稳定状况、总体评估与政策建议五部分。内容包括:区域金融总体保持稳定、区域金融稳定需要关注的方面等。
●
相关链接 在E读中查询图书 在五车中查询图书 在当当中查询图书 在豆瓣中查询图书


正题名:中国区域金融稳定报告     索取号:F832.7/123         预约/预借

序号 登录号 条形码 馆藏地/架位号 状态 备注
1 0836445   208364456   第一样本阅览室/ [索取号:F832.7/123] 在馆    
2 0836446   208364465   密集书库-海洋学院/ [索取号:F832.7/123] 在馆    
3 0836447   208364474   第一借阅区/ [索取号:F832.7/123] 在馆    
唐山师范学院图书馆 欢迎您!
大连网信软件有限公司© 版权所有